Standard for homes (Record no. 117709)

MARC details
000 -LEADER
fixed length control field 00991cam a2200217 4500
001 - CONTROL NUMBER
control field WB@3612-404
008 - FIXED-LENGTH DATA ELEMENTS--GENERAL INFORMATION
fixed length control field 040715n2004 000 0 eng u
035 ## - SYSTEM CONTROL NUMBER
System control number (Sirsi) u126794
245 ## - TITLE STATEMENT
Title Standard for homes
260 ## - PUBLICATION, DISTRIBUTION, ETC.
Date of publication, distribution, etc. 2004
490 ## - SERIES STATEMENT
Series statement Inside Housing
Volume/sequential designation 21(27) 9 July 2004, 10 (1)
520 ## - SUMMARY, ETC.
Summary, etc. The Building Research Establishment has been working on a certification standard for homes built using modern methods since last year. It is now consulting the sector on the detail of the plans to introduce the standard for system-built homes. A series of workshops are being held to receive feedback, before producing a second draft for broader consultation later this month. Companies already involved are the Council of Mortgage Lenders and the National Housing Federation.
590 ## - LOCAL NOTE (RLIN)
Local note WB
590 ## - LOCAL NOTE (RLIN)
Local note WB
650 ## - SUBJECT ADDED ENTRY--TOPICAL TERM
Topical term or geographic name entry element SYSTEM BUILT HOUSING
650 ## - SUBJECT ADDED ENTRY--TOPICAL TERM
Topical term or geographic name entry element STANDARDS
650 ## - SUBJECT ADDED ENTRY--TOPICAL TERM
Topical term or geographic name entry element SOCIAL HOUSING
650 ## - SUBJECT ADDED ENTRY--TOPICAL TERM
Topical term or geographic name entry element HOUSE BUILDING
690 ## - LOCAL SUBJECT ADDED ENTRY--TOPICAL TERM (OCLC, RLIN)
Topical term or geographic name as entry element HOUSING-DEVELOPMENT
942 ## - ADDED ENTRY ELEMENTS (KOHA)
Suppress in OPAC 0
Holdings
Withdrawn status Lost status Source of classification or shelving scheme Damaged status Not for loan Home library Current library Shelving location Date acquired Total Checkouts Full call number Barcode Date last seen Copy number Price effective from Koha item type
    Dewey Decimal Classification     London London News article 15/07/2004   WB4027-08 126794-1001 06/08/2019 1 06/08/2019 News article